Funciones de variable compleja /
Guardado en:
| Autor Principal: | |
|---|---|
| Formato: | Libro |
| Idioma: | Spanish |
| Publicado: |
Washington :
Departamento de Asuntos Científicos, Unión Panamericana,
1968.
|
| Series: | Colección de monografías científicas. Serie de matemática ;
monografía no. 8. |
| Materias: | |
| Etiquetas: |
Agregar Etiqueta
Sin Etiquetas, Sea el primero en etiquetar este registro!
|
| LEADER | 00716cam a22001931a 4500 | ||
|---|---|---|---|
| 001 | MAT.inmabb006919 | ||
| 008 | 770517s1968####dcu###########000#0#spa## | ||
| 005 | 20160314104623.0 | ||
| 245 | 1 | 0 | |a Funciones de variable compleja / |c por José I. Nieto. |
| 260 | |a Washington : |b Departamento de Asuntos Científicos, Unión Panamericana, |c 1968. | ||
| 300 | |a vi, 91 p. ; |c 23 cm. | ||
| 490 | 1 | |a Serie de matemática, monografía no. 8 | |
| 100 | 1 | |a Nieto, José I. | |
| 830 | 0 | |a Colección de monografías científicas. |p Serie de matemática ; |v monografía no. 8. | |
| 650 | 0 | |a Functions of complex variables. | |
| 084 | |a 30-01 |2 msc2000 | ||
| 010 | |a 76208239 | ||
| 040 | |a DLC |c DLC |d DLC | ||
| 859 | |h 30 |i N677 |p A-9001 |b BIB. MATEMATICA | ||
